Name Countries & Capitals of Africa - Map - Statistics

General Stats
  • This quiz has been taken 249 times
  • The average score is 38 of 54
Answers on the Map
Answers color-coded by a green-red scale on the quiz's map according to % correct below.
 
Answer Stats
Country & Capital % Correct
Egypt - Cairo
98%
Algeria - Algiers
94%
Tunisia - Tunis
93%
Libya - Tripoli
92%
South Africa - Pretoria
92%
Morocco - Rabat
90%
Kenya - Nairobi
86%
Djibouti - Djibouti
84%
Sudan - Khartoum
84%
São Tomé and Príncipe - Sao tome
82%
Ethiopia - Addis Ababa
81%
Madagascar - Antananarivo
81%
Somalia - Mogadishu
81%
Namibia - Windhoek
78%
Senegal - Dakar
78%
Guinea-Bissau - Bissau
77%
D. R. Congo - Kinshasa
75%
South Sudan - Juba
75%
Angola - Luanda
74%
Ghana - Accra
72%
Nigeria - Abuja
72%
Rep. of the Congo - Brazzaville
72%
Seychelles - Victoria
72%
Uganda - Kampala
72%
Zimbabwe - Harare
72%
Eritrea - Asmara
71%
Sierra Leone - Freetown
71%
Cape Verde - Praia
70%
Chad - N'Djamena
70%
Togo - Lome
70%
Liberia - Monrovia
69%
Mali - Bamako
69%
Rwanda - Kigali
68%
Tanzania - Dodoma
68%
Niger - Niamey
66%
Malawi - Lilongwe
65%
Zambia - Lusaka
64%
Botswana - Gaborone
62%
Gabon - Libreville
62%
Benin - Porto Novo
61%
Cameroon - Yaounde
61%
Comoros - Moroni
61%
Mauritania - Nouakchott
61%
Mozambique - Maputo
61%
Guinea - Conakry
60%
Gambia - Banjul
59%
Central African Republic - Bangui
58%
Mauritius - Port Louis
58%
Eswatini - Mbabane
56%
Burkina Faso - Ouagadougou
55%
Burundi - Gitega
55%
Lesotho - Maseru
55%
Ivory Coast - Yamoussoukro
54%
Equatorial Guinea - Malabo
46%
No matching quizzes found
Score Distribution
Percent of People with Each Score
Percentile by Number Answered
Your Score History
You have not taken this quiz